[Event "Opatija op-A"]
[Site "Opatija"]
[Date "2013.07.03"]
[Round "5"]
[White "Muhsen, Abdulla Mohmmed"]
[Black "Plenca, Julian"]
[Result "0-1"]
[WhiteElo "2203"]
[BlackElo "2351"]
[PlyCount "100"]
[EventDate "2013.06.29"]
[EventType "swiss"]
[EventRounds "9"]
[EventCountry "CRO"]
[SourceTitle "CBM 155 Extra"]
[Source "ChessBase"]
[SourceDate "2013.08.26"]
[SourceVersion "1"]
[SourceVersionDate "2013.08.26"]
[SourceQuality "1"]

1. d4 Nf6 2. Nf3 g6 3. g3 Bg7 4. Bg2 d5 5. 0-0 0-0 6. c3 c5 7. Bf4 Nc6 8. Ne5 Qb6 9. Nxc6 bxc6 10. b3 Ba6 11. Be5 Rfd8 12. Re1 Qa5 13. Qc1 cxd4 14. cxd4 Bh6 15. Bf4 Bxf4 16. gxf4 c5 17. dxc5 Rac8 18. Qc3 Qxc5 19. Qxc5 Rxc5 20. e3 d4 21. e4 Nh5 22. b4 Rc2 23. a4 Nxf4 24. Na3 Rc3 25. Nb5 Bxb5 26. axb5 Rd7 27. e5 d3 28. Bc6 Rd4 29. Rxa7 d2 30. Rd1 Rc1 31. Bf3 Rxb4 32. Rd7 Rxb5 33. R7xd2 Rxd1+ 34. Bxd1 Rxe5 35. f3 Rd5 36. Rxd5 Nxd5 37. Kf2 Kg7 38. h3 Kf6 39. Bb3 e6 40. Kg3 Ke5 41. Ba4 f6 42. Bc6 g5 43. Bd7 Ne3 44. Be8 Nf5+ 45. Kg4 Ng7 46. Bf7 h6 47. h4 f5+ 48. Kg3 Kf6 49. Bg8 Nh5+ 50. Kf2 Nf4 0-1

[Event "Opatija op-A"]
[Site "Opatija"]
[Date "2013.07.02"]
[Round "4"]
[White "Jergovic, Andrija"]
[Black "Muhsen, Abdulla Mohmmed"]
[Result "0-1"]
[WhiteElo "1980"]
[BlackElo "2203"]
[PlyCount "64"]
[EventDate "2013.06.29"]
[EventType "swiss"]
[EventRounds "9"]
[EventCountry "CRO"]
[SourceTitle "CBM 155 Extra"]
[Source "ChessBase"]
[SourceDate "2013.08.26"]
[SourceVersion "1"]
[SourceVersionDate "2013.08.26"]
[SourceQuality "1"]

1. d4 f5 2. c4 Nf6 3. Nf3 e6 4. g3 b6 5. Bg2 Bb7 6. 0-0 Be7 7. Nc3 0-0 8. d5 Qc8 9. Re1 Bb4 10. Nd4 Na6 11. dxe6 Bxg2 12. e7 Bxe7 13. Kxg2 g6 14. a3 Nc5 15. f3 a5 16. b3 c6 17. Bb2 Re8 18. e4 fxe4 19. fxe4 d6 20. Qf3 Ng4 21. Rf1 Qd7 22. h3 Ne5 23. Qe2 Rf8 24. Rxf8+ Rxf8 25. Rf1 Bf6 26. Ba1 h5 27. Na2 Rf7 28. Nc1 Bg5 29. Rxf7 Qxf7 30. Na2 h4 31. gxh4 Bxh4 32. Nc3 Ncd3 0-1

[Event "Opatija op-A"]
[Site "Opatija"]
[Date "2013.07.01"]
[Round "3"]
[White "Muhsen, Abdulla Mohmmed"]
[Black "Krsnik Cohar, Ivan Vihor"]
[Result "0-1"]
[WhiteElo "2203"]
[BlackElo "2064"]
[PlyCount "54"]
[EventDate "2013.06.29"]
[EventType "swiss"]
[EventRounds "9"]
[EventCountry "CRO"]
[SourceTitle "CBM 155 Extra"]
[Source "ChessBase"]
[SourceDate "2013.08.26"]
[SourceVersion "1"]
[SourceVersionDate "2013.08.26"]
[SourceQuality "1"]

1. Nf3 d5 2. g3 Bg4 3. Bg2 e6 4. 0-0 Nf6 5. d4 Nbd7 6. Nbd2 Bd6 7. Re1 Ne4 8. Nxe4 dxe4 9. Ng5 f5 10. Nxe6 Qf6 11. d5 Nc5 12. Nxc5 Bxc5 13. c4 0-0-0 14. Qb3 g5 15. Bd2 Rhe8 16. Bb4 Bxb4 17. Qxb4 f4 18. Rad1 h5 19. c5 h4 20. Bxe4 fxg3 21. fxg3 hxg3 22. hxg3 Qe5 23. Qa3 Qxe4 24. Qxa7 Qe3+ 25. Kg2 Bh3+ 26. Kh2 Qf2+ 27. Kxh3 g4+ 0-1

[Event "Opatija op-A"]
[Site "Opatija"]
[Date "2013.06.30"]
[Round "2"]
[White "Zrilic, Bozo"]
[Black "Muhsen, Abdulla Mohmmed"]
[Result "0-1"]
[WhiteElo "1962"]
[BlackElo "2203"]
[PlyCount "74"]
[EventDate "2013.06.29"]
[EventType "swiss"]
[EventRounds "9"]
[EventCountry "CRO"]
[SourceTitle "CBM 155 Extra"]
[Source "ChessBase"]
[SourceDate "2013.08.26"]
[SourceVersion "1"]
[SourceVersionDate "2013.08.26"]
[SourceQuality "1"]

1. d4 f5 2. c4 Nf6 3. Nc3 g6 4. h4 d6 5. h5 Nxh5 6. Rxh5 gxh5 7. e4 Be6 8. Qxh5+ Bf7 9. Qxf5 Qd7 10. Qf3 Nc6 11. Be3 e5 12. d5 Nd8 13. g3 a6 14. 0-0-0 Bg6 15. c5 Qf7 16. Qe2 Bh5 17. f3 Be7 18. Bh3 Qg7 19. Bf2 dxc5 20. Bf5 Nf7 21. g4 Bg6 22. Be6 Ng5 23. Qc4 b5 24. Nxb5 axb5 25. Qxb5+ Kf8 26. Qb7 Rd8 27. Be3 Nxe6 28. dxe6 Rxd1+ 29. Kxd1 Bd6 30. a4 Ke7 31. Nh3 Kxe6 32. Qb3+ Kd7 33. Qb5+ c6 34. Qb7+ Bc7 35. Ng5 Qe7 36. Qa7 h5 37. gxh5 Rxh5 0-1